Guía de plantas medicinales de uso común en Salento, Colombia (Registro nro. 4542)

Detalles MARC
000 -CABECERA
Campo de control 01531nam a2200265 a 4500
005 - FECHA Y HORA DE LA ULTIMA TRANSACCION
Campo de control 20200104041551.0
008 - ELEMENTOS DE LONGITUD FIJA—INFORMACION GENERAL
Campo de control 140123b2004 ck ||||| |||| 00| 0 spa d
020 ## - ISBN
ISBN 193072330X
041 ## - IDIOMA
Código de idioma para texto/pista de sonido o título separado Español
044 ## - PAÍS DE PUBLICACIÓN
País de publicación Colombia
090 ## - CLASIFICACIÓN LOCAL
Colección IAVH
Consecutivo 00345
100 ## - ASIENTO PRINCIPAL--NOMBRE PERSONAL
Nombre personal Arango Caro, Sandra
245 ## - MENCION DE TITULO
Título Guía de plantas medicinales de uso común en Salento, Colombia
260 ## - PUBLICACION, DISTRIBUCION, ETC. (PIE DE IMPRENTA)
Lugar de publicación, distribución, etc. Quindío
Nombre del editor, distribuidor, etc. Missouri Botanical Garden Press
Fecha de publicación, distribución, etc. 2004
300 ## - DESCRIPCION FISICA
Extensión 71 p.
520 ## - NOTA DE RESUMEN, ETC.
Nota de resumen Los objetivos del proyecto fueron: realizar un estudio exhaustivo y cuantitativo sobre el uso, la ecología y la propagación de las especies de la región; ofrecer alternativas de educación y capacitación para las mujeres de Salento sobre el uso de las plantas, su ecología y propagacion y en aspectos administrativos y manejo de datos; reconocer los saberes tradicionales de la comunidad como mecanismo de transferencia de esos conocimientos y promover la conciencia sobre la conservación de los recursos naturales.La guía presenta información sobre 29 especies de plantas medicinales, proporcionada por la comunidad por medio de entrevistas semi-estructuradas y dividida en cuatro secciones: características generales; uso medicinal; utilización de la planta; propagación de la especie
650 ## - ASIENTO SECUNDARIO DE MATERIA - TERMINO TEMATICO
Término temático o nombre geográfico como elemento de entrada Plantas medicinales
650 ## - ASIENTO SECUNDARIO DE MATERIA - TERMINO TEMATICO
Término temático o nombre geográfico como elemento de entrada Uso
650 ## - ASIENTO SECUNDARIO DE MATERIA - TERMINO TEMATICO
Término temático o nombre geográfico como elemento de entrada Ecología
650 ## - ASIENTO SECUNDARIO DE MATERIA - TERMINO TEMATICO
Término temático o nombre geográfico como elemento de entrada Propagación
650 ## - ASIENTO SECUNDARIO DE MATERIA - TERMINO TEMATICO
Término temático o nombre geográfico como elemento de entrada Saberes tradicionales
650 ## - ASIENTO SECUNDARIO DE MATERIA - TERMINO TEMATICO
Término temático o nombre geográfico como elemento de entrada Bioconservación
942 ## - ELEMENTOS ADICIONALES (KOHA)
Tipo de ítem CD-ROM
Sistema de clasificación Local
Koha issues (borrowed), all copies 2
945 ## - PROCESAMIENTO LOCAL
AAAA-MM-DD - Fecha de ingreso o modificacion 2005-06-13
Existencias
Withdrawn status Lost status Sistema de Clasificación Damaged status No para préstamo Colección Inventariado Ubicación Permanente Ubicación actual Fecha de adquisición Fuente de Valor Valor Total Checkouts Número topográfico Inventario / Código de Barras Date last seen Ejemplar Price effective from Forma de adquisición Tipo de material
    Local     Referencia Inventariado 2017 Villa de Leyva Villa de Leyva 13/07/2005 Cavelier, Inés 60000.00   IAVH-00345 019404 04/12/2012 Ej. 1 04/12/2012 Institucional Libro